El hombre que perdió su sombra

সংরক্ষণ করুন:
গ্রন্থ-পঞ্জীর বিবরন
প্রধান লেখক: Chamisso, Adalbert Von
বিন্যাস: গ্রন্থ
ভাষা:Undetermined
প্রকাশিত: San José, Costa Rica Editorial Costa Rica 1979
বিষয়গুলি:
ট্যাগগুলো: ট্যাগ যুক্ত করুন
কোনো ট্যাগ নেই, প্রথমজন হিসাবে ট্যাগ করুন!

MARC

LEADER 00000nam a2200000Ia 4500
008 170316s9999 xx 000 0 und d
040 |a cru BVZT 
090 |a 830 CH-1h 
100 |a Chamisso, Adalbert Von 
245 |a El hombre que perdió su sombra 
260 |a San José, Costa Rica 
260 |b Editorial Costa Rica 
260 |c 1979 
300 |a 86 páginas 
650 |a LITERATURA ALEMANA 
999 |c 7301  |d 7301 
942 |c 15 D  |h 830 CH-1h  |2 z